000 00476nam a2200169Ia 4500
003 GCL
008 140319s9999 xx 000 0 ara d
040 _aGCL /
_cGCL
082 0 4 _aد
_b050
_bو ق
100 1 _aوزارة الثقافة والارشاد القومى
245 1 0 _aالقصة /
_cوزارة الثقافة والارشاد القومى
300 _a160 ص
650 0 4 _aالادب
650 0 4 _aالقصة
650 0 4 _aالدوريات
942 _2ddc
_cBK
999 _c27429
_d27429